<?xml version="1.0" encoding="UTF-8"?>
<record
    xmlns:xsi="http://www.w3.org/2001/XMLSchema-instance"
    xsi:schemaLocation="http://www.loc.gov/MARC21/slim http://www.loc.gov/standards/marcxml/schema/MARC21slim.xsd"
    xmlns="http://www.loc.gov/MARC21/slim">

  <leader>00349nam a2200133Ia 4500</leader>
  <datafield tag="999" ind1=" " ind2=" ">
    <subfield code="c">10886</subfield>
    <subfield code="d">10886</subfield>
  </datafield>
  <controlfield tag="008">191201s2007    xx            000 0 und d</controlfield>
  <datafield tag="100" ind1=" " ind2=" ">
    <subfield code="a">TYAGI, Anita</subfield>
  </datafield>
  <datafield tag="245" ind1=" " ind2="0">
    <subfield code="a">Textile Design Colour and Texture</subfield>
  </datafield>
  <datafield tag="250" ind1=" " ind2=" ">
    <subfield code="a">Rep</subfield>
  </datafield>
  <datafield tag="260" ind1=" " ind2=" ">
    <subfield code="a">New Delhi</subfield>
    <subfield code="b">Sonali</subfield>
    <subfield code="c">2017</subfield>
  </datafield>
  <datafield tag="300" ind1=" " ind2=" ">
    <subfield code="a">288</subfield>
  </datafield>
  <datafield tag="650" ind1=" " ind2=" ">
    <subfield code="a">Bachelor of Fashion and Apparel Design</subfield>
  </datafield>
  <datafield tag="942" ind1=" " ind2=" ">
    <subfield code="2">ddc</subfield>
    <subfield code="c">BK</subfield>
    <subfield code="0">2</subfield>
  </datafield>
  <datafield tag="952" ind1=" " ind2=" ">
    <subfield code="0">0</subfield>
    <subfield code="1">0</subfield>
    <subfield code="2">ddc</subfield>
    <subfield code="4">0</subfield>
    <subfield code="7">0</subfield>
    <subfield code="8">BFAD</subfield>
    <subfield code="a">PIETNCR</subfield>
    <subfield code="b">PIETNCR</subfield>
    <subfield code="d">2021-09-01</subfield>
    <subfield code="e">Kirti Prakashan</subfield>
    <subfield code="f">IN Rupees</subfield>
    <subfield code="g">1200.00</subfield>
    <subfield code="k">IN2431</subfield>
    <subfield code="l">1</subfield>
    <subfield code="p">N2021</subfield>
    <subfield code="r">2024-11-18 00:00:00</subfield>
    <subfield code="s">2024-11-04</subfield>
    <subfield code="v">900.00</subfield>
    <subfield code="w">2021-09-01</subfield>
    <subfield code="y">BK</subfield>
  </datafield>
  <datafield tag="952" ind1=" " ind2=" ">
    <subfield code="0">0</subfield>
    <subfield code="1">0</subfield>
    <subfield code="2">ddc</subfield>
    <subfield code="4">0</subfield>
    <subfield code="7">0</subfield>
    <subfield code="8">BFAD</subfield>
    <subfield code="a">PIETNCR</subfield>
    <subfield code="b">PIETNCR</subfield>
    <subfield code="d">2021-09-01</subfield>
    <subfield code="e">Kirti Prakashan</subfield>
    <subfield code="f">IN Rupees</subfield>
    <subfield code="g">1200.00</subfield>
    <subfield code="k">IN2431</subfield>
    <subfield code="l">1</subfield>
    <subfield code="p">N2022</subfield>
    <subfield code="r">2022-07-29 00:00:00</subfield>
    <subfield code="s">2022-05-24</subfield>
    <subfield code="v">900.00</subfield>
    <subfield code="w">2021-09-01</subfield>
    <subfield code="y">BK</subfield>
  </datafield>
  <datafield tag="952" ind1=" " ind2=" ">
    <subfield code="0">0</subfield>
    <subfield code="1">0</subfield>
    <subfield code="2">ddc</subfield>
    <subfield code="4">0</subfield>
    <subfield code="7">0</subfield>
    <subfield code="8">BFAD</subfield>
    <subfield code="a">PIETNCR</subfield>
    <subfield code="b">PIETNCR</subfield>
    <subfield code="d">2021-09-01</subfield>
    <subfield code="e">Kirti Prakashan</subfield>
    <subfield code="f">IN Rupees</subfield>
    <subfield code="g">1200.00</subfield>
    <subfield code="k">IN2431</subfield>
    <subfield code="l">1</subfield>
    <subfield code="p">N2023</subfield>
    <subfield code="r">2023-01-31 00:00:00</subfield>
    <subfield code="s">2022-10-28</subfield>
    <subfield code="v">900.00</subfield>
    <subfield code="w">2021-09-01</subfield>
    <subfield code="y">BK</subfield>
  </datafield>
</record>
